Lyrics of Taylor Swift Songs (Guess the Song) #1 - Statistics

General Stats
  • This quiz has been taken 232 times
  • The average score is 15 of 18
Answer Stats
Guess The Song By The Lyrics Song % Correct
Devils roll the dice, angels roll their eyes Cruel Summer
96%
It feels like a perfect night, to dress up like hipsters 22
95%
We could leave the Christmas lights up 'til January Lover
95%
Photo album on the counter....Your cheeks were turning red All Too Well
94%
I have this thing where I get older, but just never wiser Anti-Hero
93%
Midnight, you come and pick me up Style
93%
I don't like your little games Look What You Made Me Do
91%
Whisky on ice, Sunset and Vine Gorgeous
88%
But I miss screaming and fighting and kissing in the rain The Way I Loved You
82%
Love you to the moon and to saturn Seven
77%
You can hear it in the silence.......You can see it with the lights out You are in Love
76%
The drought was the very worst Clean
75%
They told me all of my cages were mental This is me trying
75%
Your so much older and wiser, and I Tolerate It
73%
And I'm so sick of them coming at me again The Man
71%
You take a deep breath and you walk through the doors Fifteen
65%
Candle wax and Polaroids on the hardwood floor New Years Day
61%
Staring out the window like I'm not your favorite town False God
57%
No matching quizzes found
Score Distribution
Percent of People with Each Score
Percentile by Number Answered
Your Score History
You have not taken this quiz